Delayed Housing Independence of Young Adults in Slovakia in 2019 and 2023
Salvato in:
| Autore principale: | |
|---|---|
| Natura: | Capitolo di libro |
| Lingua: | inglese |
| Soggetti: | |
| Tags: |
Nessun Tag, puoi essere il primo ad aggiungerne!!
|
MARC
| LEADER | 00000naa$a2200000$$$4500 | ||
|---|---|---|---|
| 001 | 0314070 | ||
| 005 | 20260116085021.4 | ||
| 041 | 0 | |a eng | |
| 044 | |a SK | ||
| 245 | 1 | 0 | |a Delayed Housing Independence of Young Adults in Slovakia in 2019 and 2023 |c Lívia Krajčíková |
| 500 | |a Abstrakt | ||
| 610 | 2 | 0 | |a bývanie |
| 610 | 2 | 0 | |a nájomné |
| 610 | 2 | 0 | |a vlastníctvo |
| 610 | 2 | 0 | |a ukazovatele demografické |
| 610 | 2 | 0 | |a Slovensko |
| 100 | 1 | |a Krajčíková, Lívia, 2000- | |